<?xml version="1.0" encoding="UTF-8"?>
<record
    xmlns:xsi="http://www.w3.org/2001/XMLSchema-instance"
    xsi:schemaLocation="http://www.loc.gov/MARC21/slim http://www.loc.gov/standards/marcxml/schema/MARC21slim.xsd"
    xmlns="http://www.loc.gov/MARC21/slim">

  <leader>01614    a2200229   4500</leader>
  <controlfield tag="001">40989</controlfield>
  <controlfield tag="005">20260407155703.0</controlfield>
  <controlfield tag="008">260407a1955    arg                 spa d</controlfield>
  <controlfield tag="003">AR-UNSa-BCEJYS</controlfield>
  <datafield tag="040" ind1=" " ind2=" ">
    <subfield code="a">AR-UNSa-BCEJYS</subfield>
    <subfield code="b">spa</subfield>
    <subfield code="c">AR-UNSa-BCEJYS</subfield>
  </datafield>
  <datafield tag="080" ind1=" " ind2=" ">
    <subfield code="a">911.3</subfield>
    <subfield code="x">Geograf&#xED;a humana. Geograf&#xED;a de los factores culturales</subfield>
  </datafield>
  <datafield tag="245" ind1="1" ind2="0">
    <subfield code="a">La Tierra y la evoluci&#xF3;n humana</subfield>
    <subfield code="p">introducci&#xF3;n geogr&#xE1;fica a la historia</subfield>
  </datafield>
  <datafield tag="264" ind1=" " ind2="1">
    <subfield code="a">M&#xE9;xico :</subfield>
    <subfield code="b">Uni&#xF3;n Tipogr&#xE1;fica Editorial Hispano-Americana (UTEHA)</subfield>
    <subfield code="c">1955</subfield>
  </datafield>
  <datafield tag="300" ind1=" " ind2=" ">
    <subfield code="a">xxi, 377 p.</subfield>
    <subfield code="c">23 cm.</subfield>
  </datafield>
  <datafield tag="505" ind1=" " ind2=" ">
    <subfield code="a">Parte Primera: Como plantear el problema. La cuesti&#xF3;n del met&#xF3;do. 1. Morfolog&#xED;a social o geograf&#xED;a humana - 2. La cuesti&#xF3;n de principio y el m&#xE9;todo de investigaci&#xF3;n. La evoluci&#xF3;n humana y la hist&#xF3;rica - Parte Segunda: Marcos naturales y sociedades humanas. 1. El problema de las divisiones. El clima y la vida - 2. Determinaci&#xF3;n de los marcos naturales - 3. El hombre en la naturaleza: individuos o sociedades - Parte Tercera: Posibilidades y genero de vida. 1. Puntos de apoyo: monta&#xF1;as, llanuras y mesetas - 2. Peque&#xF1;os marcos naturales: unidades insulares - 3. Noci&#xF3;n de modo de vida. Pueblos cazadores y pescadores - 4. Pastores y agricultores, n&#xF3;madas y sedentarios - Parte Cuarta: Agrupaciones pol&#xED;ticas y agrupaciones humanas. 1. El problema de las fronteras y las regiones naturales de los estados - 2. Circulaci&#xF3;n. V&#xED;as de comunicaci&#xF3;n - 3. Las ciudades</subfield>
  </datafield>
  <datafield tag="041" ind1=" " ind2=" ">
    <subfield code="a">spa</subfield>
  </datafield>
  <datafield tag="942" ind1=" " ind2=" ">
    <subfield code="c">BK</subfield>
  </datafield>
  <datafield tag="590" ind1=" " ind2=" ">
    <subfield code="a">niveau_biblio:m niveau_hierar:0</subfield>
  </datafield>
  <datafield tag="100" ind1="1" ind2=" ">
    <subfield code="a">Pericot Garcia, Luis</subfield>
  </datafield>
  <datafield tag="700" ind1="1" ind2=" ">
    <subfield code="a">Bataillon, Lionel</subfield>
  </datafield>
  <datafield tag="700" ind1="1" ind2=" ">
    <subfield code="a">Febvre, Luciano</subfield>
  </datafield>
  <datafield tag="999" ind1=" " ind2=" ">
    <subfield code="c">3331</subfield>
    <subfield code="d">3331</subfield>
  </datafield>
  <datafield tag="952" ind1=" " ind2=" ">
    <subfield code="0">0</subfield>
    <subfield code="1">0</subfield>
    <subfield code="4">0</subfield>
    <subfield code="7">0</subfield>
    <subfield code="a">BCEJYS</subfield>
    <subfield code="b">BCEJYS</subfield>
    <subfield code="c">16</subfield>
    <subfield code="d">2026-04-07</subfield>
    <subfield code="l">0</subfield>
    <subfield code="o">911.3 F289</subfield>
    <subfield code="p">L20374</subfield>
    <subfield code="r">2026-04-07 15:57:03</subfield>
    <subfield code="w">2026-04-07</subfield>
    <subfield code="y">L</subfield>
  </datafield>
</record>
